000 00570nam a2200217Ia 4500
003 GCL
008 140319s9999 xx 000 0 ara d
040 _aGCL /
_cGCL
082 0 4 _a364.138
_bم ا
245 1 0 _aالارهاب: كيف تواجهه وتقهره
300 _a80 ص
490 _a
650 0 4 _aالاغتيال
650 0 4 _aالامن القومى
650 0 4 _aالحرب النفسية
650 0 4 _aالعنف
650 0 4 _aالتخريب والتدمير
650 0 4 _aخطف الاشخاص
650 0 4 _aالمافيا
942 _2ddc
_cBK
999 _c37950
_d37950